Grass sickness, equine motor neuron disease and related disorders : proceedings of the first International Workshop, Bern, Switzerland, 26-27 October, 1995 /

Bibliographic Details
Other Authors: Hahn, Caroline, Gerber, V., Herholz, Conni
Format: Book
Language:English
Published: Newmarket, Suffolk, UK : Equine Veterinary Journal Ltd., [1997?]
Subjects:

MARC

Tag First Indicator Second Indicator Subfields
LEADER 00000cam a2200000Ia 4500
001 in00004496830
005 20191203130929.0
008 980424s1997 enk 100 0 eng d
035 |a (OCoLC)ocm39011140 
035 |z (UtOrBLW)33856 
035 |a 49964 
040 |a MMU  |c MMU  |d UIU  |d CUX  |d OCL  |d OCLCQ  |d UtOrBLW 
049 |a TMVM  |c 1 
060 4 |a SF 951  |b G768 1995 
245 0 0 |a Grass sickness, equine motor neuron disease and related disorders :  |b proceedings of the first International Workshop, Bern, Switzerland, 26-27 October, 1995 /  |c editors, Caroline Hahn [and others]. 
246 1 7 |a Proceedings of 1st International Workshop on grass sickness, EMND and related disorders (1997) 
264 1 |a Newmarket, Suffolk, UK :  |b Equine Veterinary Journal Ltd.,  |c [1997?] 
300 |a v, 71 pages :  |b illustrations (some color) ;  |c 29 cm. 
336 |a text  |2 rdacontent  |b txt 
337 |a unmediated  |2 rdamedia 
338 |a volume  |2 rdacarrier  |b nc 
500 |a "June 1997"--Cover. 
504 |a Includes bibliographical references. 
505 0 |a Clinical picture -- Neuropathology -- Epidemiology -- Aetiology and pathogenesis 
650 2 |a Horses  |v Congresses. 
650 2 |a Nervous System Diseases  |v Congresses. 
650 2 |a Horse Diseases  |v Congresses. 
650 2 |a Motor Neuron Disease  |x veterinary  |v Congresses. 
650 2 |a Autonomic Nervous System Diseases  |x veterinary  |v Congresses. 
700 1 |a Hahn, Caroline. 
700 1 |a Gerber, V. 
700 1 |a Herholz, Conni. 
999 |a MARS 
999 f f |s e52181fa-e799-38c8-ba58-591b9c538cd7  |i f52b091e-d133-3aa9-a007-95ab465c8896  |t 0 
952 f f |p preservation  |a Texas A&M University  |b J.J. Pickle Campus  |c High Density Repository  |d Remote Storage  |t 0  |e SF 951 G768 1995  |h National Library of Medicine classification  |i unmediated -- volume  |m 3238901756056 
998 f f |a SF 951 G768 1995  |t 0  |l Remote Storage